000 00291nam a22001337a 4500
008 181008b xxu||||| |||| 00| 0 eng d
020 _a002-3014213
041 _aeng
080 _a821
100 _a21
101 _aGJU
245 _aA Hobbes Dictionary
_cMartinich,AP
942 _2udc
_cBK
999 _c49050
_d49050